[Event "ch-Paranaense Blitz 2019"]
[Site "Curitiba BRA"]
[Date "2019.01.20"]
[Round "4.2"]
[White "Delgado Ramirez, N."]
[Black "Matsuura, F."]
[Result "1-0"]
[WhiteElo "2623"]
[BlackElo "2248"]
[PlyCount "63"]
[EventDate "2019.01.20"]
[EventType "swiss (blitz)"]
[EventRounds "11"]
[EventCountry "BRA"]
[SourceTitle "The Week in Chess 1263"]
[Source "Mark Crowther"]
[SourceDate "2019.01.21"]
[SourceVersion "1"]
[SourceVersionDate "2019.01.21"]
[SourceQuality "2"]

1. e4 e6 2. d4 d5 3. e5 c5 4. c3 Nc6 5. Nf3 Qb6 6. a3 c4 7. Nbd2 Na5 8. g3 Bd7
9. Bg2 Qc6 10. a4 Ne7 11. O-O Nc8 12. Ng5 h6 13. Nh3 Nb6 14. Nf4 g6 15. Re1
O-O-O 16. b4 cxb3 17. Nxb3 Nbc4 18. Nxa5 Nxa5 19. Bd2 Kb8 20. Nd3 Nc4 21. a5
Rc8 22. Nb4 Bxb4 23. cxb4 a6 24. Bc1 Qc7 25. h4 Bb5 26. Qf3 b6 27. axb6 Nxb6
28. Be3 Nc4 29. Qf6 Kb7 30. h5 Rcg8 31. hxg6 Rxg6 32. Qxh8 1-0

[Event "ch-Paranaense Blitz 2019"]
[Site "Curitiba BRA"]
[Date "2019.01.20"]
[Round "5.1"]
[White "Delgado Ramirez, N."]
[Black "Matsuura, E."]
[Result "1-0"]
[WhiteElo "2623"]
[BlackElo "2468"]
[PlyCount "58"]
[EventDate "2019.01.20"]
[EventType "swiss (blitz)"]
[EventRounds "11"]
[EventCountry "BRA"]
[SourceTitle "The Week in Chess 1263"]
[Source "Mark Crowther"]
[SourceDate "2019.01.21"]
[SourceVersion "1"]
[SourceVersionDate "2019.01.21"]
[SourceQuality "2"]

1. e4 c5 2. Nf3 g6 3. c3 d5 4. e5 d4 5. Bc4 Nc6 6. O-O Bg7 7. Re1 e6 8. d3 Nge7
9. cxd4 Nxd4 10. Nxd4 Qxd4 11. Nd2 O-O 12. Nf3 Qd7 13. Bg5 h6 14. Bf6 b6 15.
Nd2 Bb7 16. Qg4 Nf5 17. Ne4 Qd4 18. h4 h5 19. Qf4 Bxe4 20. dxe4 Qxc4 21. Rac1
Qd4 22. Rcd1 Bh6 23. Qf3 Qxb2 24. exf5 exf5 25. Rd7 Qxa2 26. e6 fxe6 27. Qb7
Rab8 28. Rg7+ Kh8 29. Rh7+ Kg8 1-0

[Event "ch-Paranaense Blitz 2019"]
[Site "Curitiba BRA"]
[Date "2019.01.20"]
[Round "6.1"]
[White "Cubas, Jo"]
[Black "Delgado Ramirez, N."]
[Result "0-1"]
[WhiteElo "2506"]
[BlackElo "2623"]
[PlyCount "132"]
[EventDate "2019.01.20"]
[EventType "swiss (blitz)"]
[EventRounds "11"]
[EventCountry "BRA"]
[SourceTitle "The Week in Chess 1263"]
[Source "Mark Crowther"]
[SourceDate "2019.01.21"]
[SourceVersion "1"]
[SourceVersionDate "2019.01.21"]
[SourceQuality "2"]

1. e4 c5 2. g3 Nc6 3. Bg2 g6 4. Nc3 Bg7 5. d3 e6 6. f4 d6 7. Nf3 Nge7 8. O-O
O-O 9. Be3 b6 10. Bf2 Bb7 11. g4 f5 12. gxf5 exf5 13. Qd2 d5 14. e5 d4 15. Ne2
Qd7 16. Ng3 Nd5 17. h4 h5 18. Ng5 Nd8 19. c4 Nc7 20. Bxb7 Nxb7 21. Qe2 Ne6 22.
Qf3 Nxg5 23. hxg5 Rae8 24. Qd5+ Qf7 25. Kg2 Nd8 26. Qxf7+ Kxf7 27. Ne2 Ne6 28.
a3 Rb8 29. b4 Rfd8 30. Rfb1 Bf8 31. b5 Ra8 32. a4 a5 33. bxa6 Rxa6 34. Be1 Rda8
35. Kf3 Be7 36. Rb2 Rxa4 37. Rxa4 Rxa4 38. Rxb6 Ra1 39. Kf2 h4 40. Bd2 h3 41.
Bc1 h2 42. Kg2 Rxc1 43. Nxc1 Nxf4+ 44. Kxh2 Bxg5 45. Rc6 Be7 46. Kg3 g5 47. Kf3
Ng6 48. e6+ Kf6 49. Kg3 Ne5 50. Ra6 f4+ 51. Kf2 g4 52. Kg2 Kf5 53. Ra7 Kxe6 54.
Ne2 Nxd3 55. Ra3 f3+ 56. Kf1 fxe2+ 57. Kxe2 Ne5 58. Kf2 Nxc4 59. Ra6+ Kf5 60.
Ra7 Bd6 61. Rf7+ Ke4 62. Rg7 g3+ 63. Ke2 d3+ 64. Kd1 Ne3+ 65. Kd2 c4 66. Ke1
Bb4# 0-1

[Event "ch-Paranaense Blitz 2019"]
[Site "Curitiba BRA"]
[Date "2019.01.20"]
[Round "7.1"]
[White "Delgado Ramirez, N."]
[Black "Viana da Costa, F."]
[Result "1-0"]
[WhiteElo "2623"]
[BlackElo "2265"]
[PlyCount "134"]
[EventDate "2019.01.20"]
[EventType "swiss (blitz)"]
[EventRounds "11"]
[EventCountry "BRA"]
[SourceTitle "The Week in Chess 1263"]
[Source "Mark Crowther"]
[SourceDate "2019.01.21"]
[SourceVersion "1"]
[SourceVersionDate "2019.01.21"]
[SourceQuality "2"]

1. e4 c5 2. Nf3 g6 3. c3 Nf6 4. e5 Nd5 5. d4 cxd4 6. Qb3 Nb6 7. Ng5 e6 8. Ne4
Be7 9. cxd4 Nc6 10. Be3 Nd5 11. Nbc3 Nxe3 12. fxe3 d5 13. exd6 Bxd6 14. Nxd6+
Qxd6 15. Bb5 O-O 16. O-O Ne7 17. Bc4 Kg7 18. Ne4 Qb6 19. Qc3 Nd5 20. Bxd5 exd5
21. Nc5 Qd6 22. e4 dxe4 23. d5+ f6 24. Nxe4 Qb6+ 25. Kh1 Bf5 26. Nc5 Rac8 27.
b4 Qd6 28. Qd4 b6 29. Nd3 Bxd3 30. Qxd3 Rfe8 31. Rad1 Re5 32. h3 Rd8 33. Qc3
Rd7 34. Rf3 Re4 35. a3 Qe5 36. Qxe5 Rxe5 37. d6 Kf7 38. Rc3 Ke6 39. Rc7 Re2 40.
Rd3 Re5 41. Kh2 Re4 42. Kg3 Rxc7 43. dxc7 Rc4 44. Re3+ Kf7 45. Rd3 Rxc7 46. Kf4
Ke6 47. Re3+ Kf7 48. Rd3 Ke6 49. Re3+ Kf7 50. Rd3 Rc4+ 51. Ke3 Ke6 52. Kd2 Ke5
53. Re3+ Re4 54. Rc3 Rd4+ 55. Ke3 Rd7 56. Rc8 f5 57. Re8+ Kf6 58. Rb8 g5 59. a4
f4+ 60. Ke4 Re7+ 61. Kd4 Re2 62. Rb7 Rxg2 63. Rxb6+ axb6 64. Ke4 Rb2 65. b5
Rb4+ 66. Kf3 Rb3+ 67. Kf2 h5 1-0

[Event "ch-Paranaense Blitz 2019"]
[Site "Curitiba BRA"]
[Date "2019.01.20"]
[Round "8.1"]
[White "Fier, A."]
[Black "Delgado Ramirez, N."]
[Result "1/2-1/2"]
[WhiteElo "2540"]
[BlackElo "2623"]
[PlyCount "129"]
[EventDate "2019.01.20"]
[EventType "swiss (blitz)"]
[EventRounds "11"]
[EventCountry "BRA"]
[SourceTitle "The Week in Chess 1263"]
[Source "Mark Crowther"]
[SourceDate "2019.01.21"]
[SourceVersion "1"]
[SourceVersionDate "2019.01.21"]
[SourceQuality "2"]

1. d4 Nf6 2. Bg5 e6 3. e4 c5 4. e5 h6 5. Bc1 Nh7 6. c3 cxd4 7. cxd4 d6 8. exd6
Bxd6 9. Nf3 Nc6 10. Bd3 Nf6 11. O-O Nb4 12. Bc4 Bd7 13. a3 Qc7 14. Nbd2 Nbd5
15. Re1 O-O 16. Ne5 Rfd8 17. Ndf3 Be8 18. Bd2 Rac8 19. Bd3 Qb6 20. Rb1 Bb5 21.
Bc2 Bxe5 22. Rxe5 Ne7 23. a4 Bc6 24. Ba5 Bxf3 25. gxf3 Qxd4 26. Bxd8 Qxe5 27.
Bxe7 Nd5 28. Bh4 f5 29. h3 Nf4 30. Bg3 Ne2+ 31. Kg2 f4 32. Bh2 Nd4 33. Be4 Rf8
34. Qd3 Nf5 35. Bxf5 Rxf5 36. Qe4 Qf6 37. Rc1 Kh7 38. Qxb7 Qg6+ 39. Kh1 Qh5 40.
Rg1 Rf7 41. Qe4+ Kg8 42. Kg2 Qg5+ 43. Kh1 Qh5 44. Qa8+ Kh7 45. Qe4+ Kg8 46. Rg2
Qxh3 47. Qa8+ Kh7 48. Qe4+ Kg8 49. Kg1 Rd7 50. Qc2 Qf5 51. Qc8+ Kh7 52. Qc1 e5
53. Kh1 Qd3 54. Qg1 Qxf3 55. Qb1+ e4 56. Qa2 Rd1+ 57. Bg1 Qh3+ 58. Rh2 Qg4 59.
Rg2 Qh5+ 60. Rh2 Qf3+ 61. Rg2 Qh5+ 62. Rh2 Qg6 63. Rg2 Qh5+ 64. Rh2 Qf3+ 65.
Rg2 1/2-1/2

[Event "ch-Paranaense Blitz 2019"]
[Site "Curitiba BRA"]
[Date "2019.01.20"]
[Round "9.1"]
[White "Hoffman, A."]
[Black "Delgado Ramirez, N."]
[Result "1/2-1/2"]
[WhiteElo "2454"]
[BlackElo "2623"]
[PlyCount "80"]
[EventDate "2019.01.20"]
[EventType "swiss (blitz)"]
[EventRounds "11"]
[EventCountry "BRA"]
[SourceTitle "The Week in Chess 1263"]
[Source "Mark Crowther"]
[SourceDate "2019.01.21"]
[SourceVersion "1"]
[SourceVersionDate "2019.01.21"]
[SourceQuality "2"]

1. d4 Nf6 2. c4 e6 3. Nc3 Bb4 4. e3 d5 5. a3 Bxc3+ 6. bxc3 O-O 7. Bd3 dxc4 8.
Bxc4 c5 9. Ne2 Qc7 10. Ba2 b6 11. O-O Ba6 12. f3 Nc6 13. Rf2 Rfd8 14. a4 Rac8
15. Bb2 Ne5 16. Nc1 Nc4 17. Bxc4 Bxc4 18. e4 Ne8 19. Rd2 f5 20. Ne2 Nf6 21. Ng3
Qf4 22. Rf2 fxe4 23. fxe4 Qh4 24. Rf3 Rf8 25. Qe1 Ng4 26. Nf1 Qxe1 27. Rxe1
Bxf1 28. Rexf1 Rxf3 29. gxf3 Ne3 30. Re1 Nc4 31. Bc1 Rd8 32. Rd1 Kf7 33. Kf2 h6
34. Ke2 Rd7 35. Bf4 Kf6 36. Bb8 Rb7 37. Bg3 Rd7 38. Bb8 Rb7 39. Bg3 Rd7 40. Bb8
Rb7 1/2-1/2

[Event "ch-Paranaense Blitz 2019"]
[Site "Curitiba BRA"]
[Date "2019.01.20"]
[Round "10.1"]
[White "Delgado Ramirez, N."]
[Black "Rodriguez Vila, A."]
[Result "0-1"]
[WhiteElo "2623"]
[BlackElo "2480"]
[PlyCount "62"]
[EventDate "2019.01.20"]
[EventType "swiss (blitz)"]
[EventRounds "11"]
[EventCountry "BRA"]
[SourceTitle "The Week in Chess 1263"]
[Source "Mark Crowther"]
[SourceDate "2019.01.21"]
[SourceVersion "1"]
[SourceVersionDate "2019.01.21"]
[SourceQuality "2"]

1. e4 c5 2. Nf3 g6 3. c3 Bg7 4. d4 cxd4 5. cxd4 d5 6. e5 Bg4 7. Bb5+ Nd7 8. h3
Bxf3 9. Qxf3 e6 10. O-O Ne7 11. Nc3 Nf5 12. Rd1 O-O 13. Bxd7 Qxd7 14. g4 Ne7
15. Bg5 h6 16. Bf6 Kh7 17. h4 Bxf6 18. exf6 Nc6 19. Rd2 Rac8 20. Re1 Qd6 21.
Qe3 a6 22. Qf3 Qb4 23. Qd3 Na5 24. h5 Rg8 25. hxg6+ Rxg6 26. f3 Nc4 27. a3 Qb3
28. Rc2 Nxb2 29. Qd2 Nc4 30. Qd3 Nxa3 31. Rcc1 Nb5 0-1

[Event "ch-Paranaense Blitz 2019"]
[Site "Curitiba BRA"]
[Date "2019.01.20"]
[Round "11.2"]
[White "Di Berardino, D."]
[Black "Delgado Ramirez, N."]
[Result "1-0"]
[WhiteElo "2513"]
[BlackElo "2623"]
[PlyCount "145"]
[EventDate "2019.01.20"]
[EventType "swiss (blitz)"]
[EventRounds "11"]
[EventCountry "BRA"]
[SourceTitle "The Week in Chess 1263"]
[Source "Mark Crowther"]
[SourceDate "2019.01.21"]
[SourceVersion "1"]
[SourceVersionDate "2019.01.21"]
[SourceQuality "2"]

1. e4 c5 2. Nf3 d6 3. d4 cxd4 4. Nxd4 Nf6 5. Nc3 a6 6. Be3 e5 7. Nb3 Be6 8. f3
h5 9. Be2 Nbd7 10. Nd5 Nxd5 11. exd5 Bf5 12. O-O g6 13. a4 Bg7 14. a5 Rc8 15.
c3 h4 16. c4 Bh6 17. Bf2 Bf4 18. Bd3 Qg5 19. Kh1 Nf6 20. c5 Nh5 21. Bxf5 gxf5
22. Re1 Rg8 23. Rg1 Bxh2 24. Kxh2 Qf4+ 25. Kh1 Ng3+ 26. Bxg3 hxg3 27. Re1 Qh4+
28. Kg1 Qh2+ 29. Kf1 Qh1+ 30. Ke2 Qxg2+ 31. Kd3 dxc5 32. Rxe5+ Kd7 33. Nd2 Qf2
34. Qa4+ Kc7 35. Qf4 Qd4+ 36. Qxd4 cxd4 37. Rxf5 Kd8 38. Rxf7 Rc5 39. Rxb7 Kc8
40. Ra7 Kb8 41. Rxa6 g2 42. Rg1 Rxd5 43. Rb6+ Ka7 44. b4 Re5 45. Nc4 Rh5 46.
Re6 Rh1 47. Re7+ Ka6 48. Re6+ Ka7 49. Ree1 Rh3 50. Nd2 Rb8 51. Rxg2 Rxb4 52.
Re6 Rh7 53. Rge2 Ra4 54. Re7+ Rxe7 55. Rxe7+ Ka6 56. Nc4 Kb5 57. Re5+ Kb4 58.
Kxd4 Ra1 59. Nd2 Rd1 60. Kd3 Rh1 61. f4 Rh3+ 62. Kd4 Rh2 63. Ne4 Rh1 64. a6
Rd1+ 65. Ke3 Re1+ 66. Kf2 Ra1 67. Re6 Kc4 68. Rd6 Ra5 69. Kf3 Ra1 70. f5 Rf1+
71. Kg4 Rg1+ 72. Kf4 Rg8 73. f6 1-0

[Event "4th Zicosur Open 2019"]
[Site "Antofagasta CHI"]
[Date "2019.01.04"]
[Round "1.2"]
[White "Lobos Astorga, Mario Rolando"]
[Black "Delgado Ramirez, N."]
[Result "0-1"]
[WhiteElo "1728"]
[BlackElo "2623"]
[PlyCount "50"]
[EventDate "2019.01.04"]
[EventType "swiss"]
[EventRounds "9"]
[EventCountry "CHI"]
[SourceTitle "The Week in Chess 1261"]
[Source "Mark Crowther"]
[SourceDate "2019.01.07"]
[SourceVersion "1"]
[SourceVersionDate "2019.01.07"]
[SourceQuality "2"]

1. e4 c5 2. Nf3 d6 3. Bb5+ Bd7 4. Bxd7+ Nxd7 5. d4 cxd4 6. Qxd4 Ngf6 7. O-O g6
8. Nc3 Bg7 9. Be3 O-O 10. Qd2 Nb6 11. Qe2 Rc8 12. Rad1 Nc4 13. Bc1 Nd7 14. Rd3
Re8 15. Rfd1 Qa5 16. Rd5 Qa6 17. Qe1 e6 18. Rg5 Na3 19. Qd2 Bxc3 20. bxc3 Nb1
21. Qxd6 Qxd6 22. Rxd6 Nc5 23. Rd4 f6 24. Rg3 Nxc3 25. e5 Ne2+ 0-1

[Event "4th Zicosur Open 2019"]
[Site "Antofagasta CHI"]
[Date "2019.01.05"]
[Round "2.2"]
[White "Delgado Ramirez, N."]
[Black "Adasme Fredes, M."]
[Result "1-0"]
[WhiteElo "2623"]
[BlackElo "2103"]
[PlyCount "91"]
[EventDate "2019.01.04"]
[EventType "swiss"]
[EventRounds "9"]
[EventCountry "CHI"]
[SourceTitle "The Week in Chess 1261"]
[Source "Mark Crowther"]
[SourceDate "2019.01.07"]
[SourceVersion "1"]
[SourceVersionDate "2019.01.07"]
[SourceQuality "2"]

1. e4 c5 2. Nf3 e6 3. Nc3 a6 4. g3 Nc6 5. Bg2 d6 6. O-O Nf6 7. d3 Be7 8. Ng5 h6
9. Nh3 Qc7 10. f4 Bd7 11. a3 Nd4 12. Be3 Rc8 13. Nf2 b5 14. g4 Bc6 15. Nb1 e5
16. f5 Bb7 17. c3 Nc6 18. b4 Nd7 19. Nd2 Nb6 20. Nf3 Na4 21. Rc1 c4 22. Qd2
cxd3 23. c4 Nb6 24. cxb5 axb5 25. Qxd3 Nc4 26. Rc3 O-O 27. h4 Rfd8 28. g5 d5
29. exd5 Rxd5 30. Qxd5 Nd4 31. Qxb7 Ne2+ 32. Kh2 Qxb7 33. Ng1 Qxg2+ 34. Kxg2
Nxc3 35. Bc1 hxg5 36. hxg5 Ra8 37. Nf3 Ne2 38. Ne4 Nxc1 39. Rxc1 Rxa3 40. f6
Bxb4 41. Rb1 Ra2+ 42. Kg3 Rb2 43. Rd1 Bf8 44. Rd8 b4 45. Nc5 gxf6 46. gxf6 1-0

[Event "4th Zicosur Open 2019"]
[Site "Antofagasta CHI"]
[Date "2019.01.06"]
[Round "3.2"]
[White "Martinez Alcantara, Jose Eduardo"]
[Black "Delgado Ramirez, N."]
[Result "1-0"]
[WhiteElo "2541"]
[BlackElo "2623"]
[PlyCount "67"]
[EventDate "2019.01.04"]
[EventType "swiss"]
[EventRounds "9"]
[EventCountry "CHI"]
[SourceTitle "The Week in Chess 1261"]
[Source "Mark Crowther"]
[SourceDate "2019.01.07"]
[SourceVersion "1"]
[SourceVersionDate "2019.01.07"]
[SourceQuality "2"]

1. e4 c5 2. Nf3 Nc6 3. d4 cxd4 4. Nxd4 e5 5. Nb5 a6 6. Nd6+ Bxd6 7. Qxd6 Qe7 8.
Qd1 Nf6 9. Nc3 d6 10. Be3 Be6 11. Be2 h6 12. O-O Qc7 13. Qd2 Ne7 14. f4 Rd8 15.
Rad1 Rd7 16. Bf3 Bg4 17. Qf2 Bxf3 18. Qxf3 Ng6 19. fxe5 dxe5 20. Rxd7 Qxd7 21.
h3 Qc7 22. Kh1 b5 23. a3 Nh4 24. Qf2 Ng6 25. Bc5 Nf4 26. Rd1 Ne6 27. Bd6 Qb7
28. Bxe5 Nxe4 29. Nxe4 Qxe4 30. Bxg7 Rg8 31. Re1 Qg6 32. Bf6 Qg3 33. Qd2 Qc7
34. Qd5 1-0

[Event "5th Arica Open 2018"]
[Site "Arica CHI"]
[Date "2018.12.18"]
[Round "8.4"]
[White "Malakhatko, V."]
[Black "Delgado Ramirez, N."]
[Result "0-1"]
[WhiteElo "2545"]
[BlackElo "2620"]
[PlyCount "64"]
[EventDate "2018.12.13"]
[EventType "swiss"]
[EventRounds "10"]
[EventCountry "CHI"]
[SourceTitle "The Week in Chess 1261"]
[Source "Mark Crowther"]
[SourceDate "2019.01.07"]
[SourceVersion "1"]
[SourceVersionDate "2019.01.07"]
[SourceQuality "2"]

1. c4 e5 2. e3 Nf6 3. a3 g6 4. b4 Bg7 5. Bb2 Qe7 6. d3 d5 7. cxd5 Nxd5 8. Nf3
O-O 9. Nbd2 Rd8 10. Qc2 a5 11. bxa5 Rxa5 12. Be2 Rc5 13. Qb3 Be6 14. Qxb7 Nc6
15. Ne4 Rb8 16. Nxc5 Qxc5 17. Qxb8+ Nxb8 18. O-O Qc2 19. Rfe1 e4 20. Rac1 Qxb2
21. Rb1 Qxa3 22. Rxb8+ Bf8 23. dxe4 Nc3 24. Bd3 c5 25. Ng5 Bb3 26. e5 c4 27.
Bf1 Qa7 28. Rc8 Qb7 29. Bxc4 Qxc8 30. Bxb3 Kg7 31. Nxf7 Ne2+ 32. Kf1 Nc1 0-1

[Event "5th Arica Open 2018"]
[Site "Arica CHI"]
[Date "2018.12.13"]
[Round "1.2"]
[White "Caballero Quijano, Mitzy Mishell"]
[Black "Delgado Ramirez, N."]
[Result "0-1"]
[WhiteElo "1965"]
[BlackElo "2620"]
[PlyCount "82"]
[EventDate "2018.12.13"]
[EventType "swiss"]
[EventRounds "10"]
[EventCountry "CHI"]
[SourceTitle "The Week in Chess 1259"]
[Source "Mark Crowther"]
[SourceDate "2018.12.24"]
[SourceVersion "2"]
[SourceVersionDate "2018.12.25"]
[SourceQuality "2"]

1. d4 Nf6 2. Nf3 g6 3. c4 Bg7 4. g3 O-O 5. Bg2 d6 6. Nc3 Nbd7 7. O-O e5 8. e4
exd4 9. Nxd4 Re8 10. Re1 a6 11. h3 Rb8 12. Be3 Ne5 13. Bf1 c5 14. Nc2 b5 15.
cxb5 axb5 16. Bg5 h6 17. Bxf6 Qxf6 18. Nd5 Qd8 19. f4 Nc6 20. Rb1 Be6 21. b4
cxb4 22. Ncxb4 Nxb4 23. Nxb4 Qb6+ 24. Kh2 Bc3 25. Re2 Bc4 26. Rc2 Bxb4 27. Rxb4
Qa5 28. Rbxc4 bxc4 29. Bxc4 Rbc8 30. Bb3 Rxc2+ 31. Qxc2 Qc5 32. Qg2 Qd4 33. Bd5
Rb8 34. Bb3 Rb4 35. Qc2 Qxe4 36. Qxe4 Rxe4 37. Kg2 Re3 38. Kf2 Rc3 39. Bd5 Kf8
40. a4 Ra3 41. Bc6 Ke7 0-1

[Event "5th Arica Open 2018"]
[Site "Arica CHI"]
[Date "2018.12.14"]
[Round "2.2"]
[White "Delgado Ramirez, N."]
[Black "Sierra, E."]
[Result "1/2-1/2"]
[WhiteElo "2620"]
[BlackElo "2181"]
[PlyCount "86"]
[EventDate "2018.12.13"]
[EventType "swiss"]
[EventRounds "10"]
[EventCountry "CHI"]
[SourceTitle "The Week in Chess 1259"]
[Source "Mark Crowther"]
[SourceDate "2018.12.24"]
[SourceVersion "2"]
[SourceVersionDate "2018.12.25"]
[SourceQuality "2"]

1. e4 e5 2. Nf3 Nf6 3. Nc3 Bb4 4. Nxe5 O-O 5. Be2 Re8 6. Nd3 Bxc3 7. dxc3 Nxe4
8. Nf4 Nc6 9. O-O d6 10. c4 Bf5 11. Nd5 Bg6 12. f3 Nc5 13. b4 Bxc2 14. Qd2 Rxe2
15. Qxe2 Bd3 16. Qf2 Bxf1 17. Qxf1 Nd7 18. Bb2 Nce5 19. f4 Ng4 20. Qe2 Ngf6 21.
Ne7+ Kf8 22. Re1 c6 23. Nf5 Qb6+ 24. Bd4 Qxb4 25. Qe7+ Kg8 26. Nxd6 Rf8 27. h3
Qd2 28. Qe3 Qxa2 29. Qd3 Qa5 30. Ra1 Qb4 31. Bc3 Qc5+ 32. Kf1 b5 33. Nf5 bxc4
34. Nh6+ Kh8 35. Qe2 Qd5 36. Ng4 Qd3 37. Bxf6 Nxf6 38. Ne5 Qxe2+ 39. Kxe2 Nd5
40. Rxa7 Nxf4+ 41. Kf3 Ne6 42. Nxc4 c5 43. Re7 Kg8 1/2-1/2

[Event "5th Arica Open 2018"]
[Site "Arica CHI"]
[Date "2018.12.15"]
[Round "4.6"]
[White "Delgado Ramirez, N."]
[Black "Abarca Gonzalez, N."]
[Result "1-0"]
[WhiteElo "2620"]
[BlackElo "2415"]
[PlyCount "59"]
[EventDate "2018.12.13"]
[EventType "swiss"]
[EventRounds "10"]
[EventCountry "CHI"]
[SourceTitle "The Week in Chess 1259"]
[Source "Mark Crowther"]
[SourceDate "2018.12.24"]
[SourceVersion "2"]
[SourceVersionDate "2018.12.25"]
[SourceQuality "2"]

1. e4 c5 2. Nf3 d6 3. d4 cxd4 4. Nxd4 Nf6 5. Nc3 g6 6. Be3 Bg7 7. f3 O-O 8. Qd2
Nc6 9. O-O-O Nxd4 10. Bxd4 Be6 11. Nd5 Bxd5 12. exd5 Qd7 13. g4 Rfc8 14. Kb1
Qa4 15. b3 Qa3 16. h4 Rc5 17. c4 b5 18. Bb2 Qa6 19. cxb5 Qc8 20. h5 Rxd5 21.
Bd3 a6 22. bxa6 e5 23. hxg6 hxg6 24. Qe2 Nd7 25. Bc4 Rxd1+ 26. Rxd1 Bf8 27. Qd3
Kg7 28. Qd5 Qe8 29. Bb5 Ra7 30. f4 1-0

[Event "5th Arica Open 2018"]
[Site "Arica CHI"]
[Date "2018.12.16"]
[Round "5.3"]
[White "Delgado Ramirez, N."]
[Black "Shabalov, A."]
[Result "1-0"]
[WhiteElo "2620"]
[BlackElo "2530"]
[PlyCount "71"]
[EventDate "2018.12.13"]
[EventType "swiss"]
[EventRounds "10"]
[EventCountry "CHI"]
[SourceTitle "The Week in Chess 1259"]
[Source "Mark Crowther"]
[SourceDate "2018.12.24"]
[SourceVersion "2"]
[SourceVersionDate "2018.12.25"]
[SourceQuality "2"]

1. e4 c6 2. c4 e5 3. Nf3 d6 4. d4 Nd7 5. Nc3 Ngf6 6. Be2 Be7 7. O-O O-O 8. Rb1
Re8 9. b4 Qc7 10. h3 a6 11. dxe5 dxe5 12. Be3 Nf8 13. Qc2 Ne6 14. c5 Nh5 15.
Rfd1 Nhf4 16. Bf1 Ng5 17. Nd2 h6 18. Nc4 Be6 19. Nd6 Rad8 20. Bxf4 exf4 21. e5
f3 22. g4 a5 23. b5 Bxd6 24. exd6 Qd7 25. Rd4 f5 26. h4 Nh7 27. Bd3 Rf8 28. Re1
Kh8 29. gxf5 Bxf5 30. Re7 Bxd3 31. Qxd3 Qh3 32. Qg6 Rg8 33. Rg4 Rdf8 34. d7 Rf6
35. Qxg7+ Rxg7 36. Rgxg7 1-0

[Event "5th Arica Open 2018"]
[Site "Arica CHI"]
[Date "2018.12.17"]
[Round "6.2"]
[White "Sivuk, V."]
[Black "Delgado Ramirez, N."]
[Result "1-0"]
[WhiteElo "2542"]
[BlackElo "2620"]
[PlyCount "73"]
[EventDate "2018.12.13"]
[EventType "swiss"]
[EventRounds "10"]
[EventCountry "CHI"]
[SourceTitle "The Week in Chess 1259"]
[Source "Mark Crowther"]
[SourceDate "2018.12.24"]
[SourceVersion "2"]
[SourceVersionDate "2018.12.25"]
[SourceQuality "2"]

1. Nf3 Nf6 2. c4 e6 3. Nc3 Bb4 4. Qc2 O-O 5. a3 Bxc3 6. Qxc3 d6 7. b4 a5 8. Bb2
e5 9. e3 axb4 10. axb4 Rxa1+ 11. Bxa1 Bg4 12. Be2 Ne4 13. Qb2 Nd7 14. h3 Bh5
15. g4 Bg6 16. h4 h5 17. g5 f6 18. Qb1 b6 19. d3 Qa8 20. Rg1 fxg5 21. hxg5 Nc3
22. Bxc3 Rxf3 23. Bxf3 Qxf3 24. Qd1 Qxd1+ 25. Kxd1 Bxd3 26. Rh1 Nf8 27. Rxh5
Bxc4 28. f4 exf4 29. exf4 Be6 30. Kd2 Bf5 31. g6 Bb1 32. f5 Nd7 33. Ke3 Ne5 34.
Kf4 Nd3+ 35. Kg5 Nf2 36. Ba1 c5 37. Rh7 1-0

[Event "ch-PAR 2018"]
[Site "Asuncion PAR"]
[Date "2018.11.18"]
[Round "1.4"]
[White "Delgado Ramirez, N."]
[Black "Pereira, Se"]
[Result "1-0"]
[WhiteElo "2621"]
[BlackElo "1994"]
[PlyCount "101"]
[EventDate "2018.11.18"]
[EventType "tourn"]
[EventRounds "9"]
[EventCountry "PAR"]
[SourceTitle "The Week in Chess 1255"]
[Source "Mark Crowther"]
[SourceDate "2018.11.26"]
[SourceVersion "1"]
[SourceVersionDate "2018.12.02"]
[SourceQuality "2"]

1. e4 e6 2. d4 d5 3. e5 c5 4. c3 Qb6 5. Nf3 Nc6 6. a3 c4 7. Nbd2 Na5 8. g3 Bd7
9. Bg2 Ne7 10. O-O h6 11. Re1 Qc7 12. Rb1 Nc8 13. h4 Nb6 14. Nf1 O-O-O 15. Bf4
Be7 16. Ne3 Kb8 17. Ng4 Ka8 18. h5 Ba4 19. Qe2 Qd7 20. Ne3 Qe8 21. g4 g6 22.
Bg3 Rg8 23. Bh3 gxh5 24. gxh5 Qf8 25. Kh2 Qg7 26. Rg1 Qh7 27. Nd2 Bd7 28. f4 f5
29. exf6 Bxf6 30. Ng4 Bg7 31. Ne5 Bxe5 32. dxe5 Nb3 33. Nf3 Qf7 34. Nh4 d4 35.
Ng6 d3 36. Qf2 Bc6 37. Bh4 Rde8 38. Rbe1 Qd7 39. f5 exf5 40. Bxf5 Qc7 41. Bg3
d2 42. Rd1 Rgf8 43. e6 Qc8 44. Nxf8 Rxf8 45. Bd6 Rg8 46. e7 Qe8 47. Rxg8 Qxg8
48. Bh3 Be8 49. Qf8 Qf7 50. Qxf7 Bxf7 51. Rf1 1-0

[Event "ch-PAR 2018"]
[Site "Asuncion PAR"]
[Date "2018.11.18"]
[Round "2.3"]
[White "Franco Ocampos, Z."]
[Black "Delgado Ramirez, N."]
[Result "1/2-1/2"]
[WhiteElo "2483"]
[BlackElo "2621"]
[PlyCount "61"]
[EventDate "2018.11.18"]
[EventType "tourn"]
[EventRounds "9"]
[EventCountry "PAR"]
[SourceTitle "The Week in Chess 1255"]
[Source "Mark Crowther"]
[SourceDate "2018.11.26"]
[SourceVersion "1"]
[SourceVersionDate "2018.12.02"]
[SourceQuality "2"]

1. d4 Nf6 2. Nf3 e6 3. c4 b6 4. e3 Bb7 5. Bd3 c5 6. O-O Be7 7. Nc3 cxd4 8. exd4
d6 9. d5 e5 10. Be3 Nbd7 11. b4 O-O 12. Nd2 g6 13. Nb3 Rc8 14. a4 a6 15. Bd2
Re8 16. a5 e4 17. Be2 Ne5 18. axb6 Qxb6 19. Na5 Ba8 20. b5 axb5 21. cxb5 Rxc3
22. Bxc3 Nxd5 23. Bd4 Qc7 24. Qc1 Qd7 25. b6 Bf6 26. Qd2 Nf3+ 27. Bxf3 exf3 28.
Bxf6 Nxf6 29. Qf4 Nd5 30. Qxf3 Nxb6 31. Qg3 1/2-1/2

[Event "ch-PAR 2018"]
[Site "Asuncion PAR"]
[Date "2018.11.19"]
[Round "3.3"]
[White "Delgado Ramirez, N."]
[Black "Diaz, Fe"]
[Result "1-0"]
[WhiteElo "2621"]
[BlackElo "2070"]
[PlyCount "53"]
[EventDate "2018.11.18"]
[EventType "tourn"]
[EventRounds "9"]
[EventCountry "PAR"]
[SourceTitle "The Week in Chess 1255"]
[Source "Mark Crowther"]
[SourceDate "2018.11.26"]
[SourceVersion "1"]
[SourceVersionDate "2018.12.02"]
[SourceQuality "2"]

1. e4 e6 2. d4 d5 3. Nd2 Nf6 4. e5 Nfd7 5. c3 c5 6. f4 Nc6 7. Ndf3 Qb6 8. g3
Be7 9. Kf2 f6 10. Kg2 cxd4 11. cxd4 g5 12. exf6 Nxf6 13. fxg5 Ne4 14. Qb3 Qd8
15. Bb5 O-O 16. Bf4 Nxd4 17. Nxd4 e5 18. Re1 Bxg5 19. Rxe4 Bxf4 20. gxf4 exd4
21. Rxd4 Be6 22. Nf3 Kh8 23. Qe3 Qf6 24. Qe5 Qxe5 25. Nxe5 Rac8 26. Bd3 Rg8+
27. Kf2 1-0